เทใจรักคาสโนวา (Record no. 37512)

MARC details
000 -LEADER
fixed length control field 03092nam a22002177a 4500
003 - CONTROL NUMBER IDENTIFIER
control field TH-BaNU
005 - DATE AND TIME OF LATEST TRANSACTION
control field 20230330111604.0
008 - FIXED-LENGTH DATA ELEMENTS--GENERAL INFORMATION
fixed length control field 230330b2020 TH ||||| |||| 00| 0 tha d
020 ## - INTERNATIONAL STANDARD BOOK NUMBER
International Standard Book Number 9786162401176
040 ## - CATALOGING SOURCE
Original cataloging agency TH-BaNU
100 ## - MAIN ENTRY--PERSONAL NAME
Personal name การะเกด
245 ## - TITLE STATEMENT
Title เทใจรักคาสโนวา
260 ## - PUBLICATION, DISTRIBUTION, ETC.
Place of publication, distribution, etc. กรุงเทพฯ:
Name of publisher, distributor, etc. กรีนมายด์:
Date of publication, distribution, etc. 2565
300 ## - PHYSICAL DESCRIPTION
Extent 296 หน้า
520 ## - SUMMARY, ETC.
Summary, etc. "ศิริพัตรา" พนักงานสาวออฟฟิศผู้รักกีฬาเทนนิสเป็นชีวิตจิตใจ เกิดมาสะดุดรัก "ภูวนัย จัสติน ธราธิป" หนุ่มลูกครึ่งเจ้าของสปอร์ตคลับที่เธอมาตีเทนนิสทุกวันหยุด หญิงสาวจึงพยายามเข้าถึงตัวเขาให้มากที่สุด เพื่อหาทางหว่านเสน่ห์แต่จนแล้วจนรอด ก็ไม่เคยเข้าถึงคาสโนวาหน้าหล่อคนนี้เลยสักครั้งกระทั่งวันหนึ่ง กามเทพคงเห็นใจ แผงศรใส่ไม้เทนนิสให้ปลิวไปโดนหัวเขาและนั่นก็ทำให้เขารู้จักเธอ สาวสวย หุ่นดี ดีกรีขวัญใจช่างภาพประจำบริษัทชื่อดังจากความใกล้ชิด สนิทสนม กลายเป็นเสน่หา ความน่ารักของเธอทำให้เขาสัญญาว่าจะเลิกเป็นคาสโนวาอย่างเด็ดขาด และนั่นก็เป็นสาเหตุของคดีฆ่าตกรรมปริศนาโดยมีเขาเป็นจำเลยอย่างช่วยไม่ได้ท่ามกลางความสับสันวุ่นวาย มีเธอเพียงคนเดียวเท่านั้นที่จะช่วยเขาได้แต่ก็มีเหตุให้ความทรงจำครั้งสุดท้าย ณ ตอนนั้นขาดหายไป มาร่วมลุ้นและติดตามความรักของเขาและเธอได้ใน "เทใจรักคาสโนวา" แล้วคุณจะรู่ว่า ท่ามกลางอุปสรรคมากมาย ความรักของเขาและเธอยังงดงามเสมอ
650 ## - SUBJECT ADDED ENTRY--TOPICAL TERM
Topical term or geographic name entry element วรรณกรรม
850 ## - HOLDING INSTITUTION
Holding institution Kuakarun Nursing Library
856 ## - ELECTRONIC LOCATION AND ACCESS
Uniform Resource Identifier <a href="https://se-ed.belibcloud.com/book-detail/18273">https://se-ed.belibcloud.com/book-detail/18273</a>
Link text se-ed e-library
942 ## - ADDED ENTRY ELEMENTS (KOHA)
Source of classification or shelving scheme Local Classification
Koha item type Electronic books
998 ## - STAFF NAME (NMU)
Cataloger Bee
Holdings
Withdrawn status Lost status Source of classification or shelving scheme Damaged status Not for loan Home library Current library Shelving location Date acquired Total Checkouts Barcode Date last seen Price effective from Koha item type
    Local Classification   Online Access Kuakarun Nursing Library Kuakarun Nursing Library Processing unit 30/03/2023   eb37512 30/03/2023 30/03/2023 Electronic books